Bảo vệ các hệ thống điện
Sách cung cấp kiến thức về việc xem xét và bảo vệ các phần tử chính trong hệ thống điện bao gồm: náy phát điện đồng bộ, máy biến áp và máy biến áp tự ngẫu, động cơ điện cao áp, đường dây truyền tải và phân phối điện; đồng thời...
Bewaard in:
| Hoofdauteur: | |
|---|---|
| Formaat: | Boek |
| Taal: | Undetermined |
| Gepubliceerd in: |
Hà Nội
Khoa học kỹ thuật
2000
|
| Onderwerpen: | |
| Tags: |
Voeg label toe
Geen labels, Wees de eerste die dit record labelt!
|
| Thư viện lưu trữ: | Trung tâm Học liệu Trường Đại học Cần Thơ |
|---|
| LEADER | 01180nam a2200217Ia 4500 | ||
|---|---|---|---|
| 001 | CTU_38318 | ||
| 008 | 210402s9999 xx 000 0 und d | ||
| 020 | |b 41.000 | ||
| 020 | |c 41000 | ||
| 082 | |a 621.31 | ||
| 082 | |b L431 | ||
| 100 | |a Trần, Đình Long | ||
| 245 | 0 | |a Bảo vệ các hệ thống điện | |
| 245 | 0 | |c Trần Đình Long | |
| 260 | |a Hà Nội | ||
| 260 | |b Khoa học kỹ thuật | ||
| 260 | |c 2000 | ||
| 520 | |a Sách cung cấp kiến thức về việc xem xét và bảo vệ các phần tử chính trong hệ thống điện bao gồm: náy phát điện đồng bộ, máy biến áp và máy biến áp tự ngẫu, động cơ điện cao áp, đường dây truyền tải và phân phối điện; đồng thời sách cũng giới thiệu về việc sử dụng kỹ thuật số trong bảo vệ và điều khiển hệ thống điện. | ||
| 650 | |a Electric apparatus and appliances,Electrical engineering,Electrical systems | ||
| 904 | |i Minh, Năm | ||
| 980 | |a Trung tâm Học liệu Trường Đại học Cần Thơ | ||